Encrypted data repository for android mobiles (Record no. 5557)

MARC details
000 -LEADER
fixed length control field 00417nam a22001577a 4500
003 - CONTROL NUMBER IDENTIFIER
control field OSt
005 - DATE AND TIME OF LATEST TRANSACTION
control field 20220107122824.0
008 - FIXED-LENGTH DATA ELEMENTS--GENERAL INFORMATION
fixed length control field 170309b xxu||||| |||| 00| 0 eng d
040 ## - CATALOGING SOURCE
Transcribing agency IIITMK
100 ## - MAIN ENTRY--PERSONAL NAME
Personal name Akhil N
9 (RLIN) 11442
245 ## - TITLE STATEMENT
Title Encrypted data repository for android mobiles
300 ## - PHYSICAL DESCRIPTION
Extent CSIS - Mini Project
502 ## - DISSERTATION NOTE
Degree type MSC CSIS
Name of granting institution 2014-16
Year degree granted INT
-- Dr. Sabu M Thampi
650 ## - SUBJECT ADDED ENTRY--TOPICAL TERM
Topical term or geographic name entry element ANDROID
9 (RLIN) 11443
942 ## - ADDED ENTRY ELEMENTS (KOHA)
Source of classification or shelving scheme Dewey Decimal Classification
Koha item type
Holdings
Withdrawn status Lost status Source of classification or shelving scheme Damaged status Not for loan Home library Current library Shelving location Date acquired Total Checkouts Barcode Date last seen Price effective from Koha item type
    Dewey Decimal Classification     IIITM-K Kerala University of Digital Sciences, Innovation and Technology Knowledge Centre   09/03/2017   R-1188 09/03/2017 09/03/2017 Project Reports